=LDR 00000nam 2200000 4500 =001 INLIS000000000005003 =005 20251003020456 =035 ##$$a 0010-1025000058 =007 ta =008 251003###########################0#ind## =082 ##$$a 354.4 =084 ##$$a 354.4 BAD p =245 1#$$a Petunjuk Teknis Pembuatan Laporan Hasil Pengawasan Terpadu (LPH SANDU) : $b - /$c Badan Koordinasi Keluarga Berencana Nasional =260 ##$$a Jakarta :$b BKKBN,$c 1993 =300 ##$$a 88 hal : $b ilus ; $c 21 cm =110 #$$a Badan Koordinasi Keluarga Berencana Nasional =856 ##$$a Perpustakaan Kemendukbangga